| 000 | 00937cam a2200265 i 4500 | ||
|---|---|---|---|
| 001 | 19581623 | ||
| 003 | OSt | ||
| 005 | 20260219121109.0 | ||
| 008 | 170403t20182018enka b 001 0 eng | ||
| 020 | _a9781138699977 (Hardback) | ||
| 040 |
_aDLC _beng _cNUST _erda _dNUST |
||
| 050 | 0 | 0 | _aRC49 REA |
| 100 |
_aCarol-Ann Farkas _eeditor |
||
| 245 | 0 | 0 |
_aReading the psychosomatic in medical and popular culture : _bsomething. nothing. everything / _cedited by Carol-Ann Farkas. |
| 260 |
_aNew York ; _bRoutledge , _c©2018. |
||
| 300 |
_axii, 160 pages : _billustrations ; _c25 cm. |
||
| 336 |
_atext _btxt _2rdacontent |
||
| 337 |
_aunmediated _bn _2rdamedia |
||
| 338 |
_avolume _bnc _2rdacarrier |
||
| 504 | _aIncludes bibliographical references and index. | ||
| 650 | 0 | _aMedicine, Psychosomatic. | |
| 650 | 0 | _aPhysician and patient. | |
| 700 | 1 |
_aFarkas, Carol-Ann, _eeditor. |
|
| 942 |
_2lcc _n0 _cBOOKS _hRC49FAR _kRC _mFAR |
||
| 999 |
_c172681 _d172681 |
||